000 00843nam a2200277Ia 4500
001 Z_4069
003 CHAP
008 220113s2001 xx 000 0 und d
010 _a167132
040 _cCHAP
090 _aTesis C 1571
100 _aCruz Vázquez, Antimio
_929629
245 _aSituación actual, perspectivas y regionalización de la apicultura en el estado de Morelos /
_cpor Antimio Cruz Vázquez
260 _aChapingo, Méx. :
_bEl autor,
_c2001
300 _a106 h. + anexo
502 _aTesis (Ing. Agr. Esp. en Zootecnia) -- UACH. Departamento de Zootecnia
650 _aApicultura
_xMorelos
_96270
650 _aMiel de abejas
_xExportación
_975566
650 _aMiel de abejas
_xProducción
_975569
901 _aTESIS C 1571
902 _aM
910 _a2001
942 _c2
942 _c2
999 _c167132
_d167132